| 000 | 00590nam a2200169 a 4500 | ||
|---|---|---|---|
| 001 | 000025029 | ||
| 005 | 20240307073947.0 | ||
| 008 | 110209s1972 dr r 000 0 spa d | ||
| 040 |
_aDO-SdBNP _bspa _cBNPHU |
||
| 082 |
_axxxx _bS583e |
||
| 100 | 1 |
_a Silié Gatón, José A., _d1920-2014 _9747 |
|
| 245 | 1 | 0 |
_aÉtica profesional / _cJosé A. Silié Gatón ; prólogo Víctor Melitón Rodríguez R. |
| 260 |
_aSanto Domingo : _bUASD, _c1972. |
||
| 300 |
_a225 P. ; _c23 cm. |
||
| 700 | 1 |
_aRodríguez R., Víctor Melitón, _epról. _97367 |
|
| 710 | 1 |
_aUniversidad Autónoma de Santo Domingo _972951 |
|
| 999 |
_c24522 _d24522 |
||